La Genealogía hispanoamericana en tiempos de globalización /

Revisa el sesgo eurocentrista reflejado en la mayoría de los estudios histórico-genealógicos en Hispanoamérica, y presenta las nuevas tendencias en la investigación genealógica, relacionadas con los avances de la biología molecular y la relevancia de los estudios interdisciplinarios

Saved in:
Bibliographic Details
Main Author: Meléndez Obando, Mauricio O.
Format: Text
Subjects:
Tags: Add Tag
No Tags, Be the first to tag this record!

MARC

LEADER 00000 a a2200000 04500
001 15643
003
040
100 |a Meléndez Obando, Mauricio O.  
245 |a La Genealogía hispanoamericana en tiempos de globalización /  |c Mauricio O. Meléndez Obando 
520 |a Revisa el sesgo eurocentrista reflejado en la mayoría de los estudios histórico-genealógicos en Hispanoamérica, y presenta las nuevas tendencias en la investigación genealógica, relacionadas con los avances de la biología molecular y la relevancia de los estudios interdisciplinarios  
650 |a GENEALOGIA  
650 |a GLOBALIZACION  
650 |a GENETICA  
650 |a INVESTIGACION  
650 |a ANALISIS HISTORICO  
773 |g número 44; páginas 223-242  
999 |c 22691  |d 22691